Devinez l'acteur Marvel (easy) - Statistiques

Statistiques générales
  • Ce quiz a été pris 55 fois
  • Le résultat moyen est 11 sur 16
Statistiques - réponses
Par images Réponse % Correct
Chris Evans
96%
Tom Holland
96%
Robert Downey Jr
92%
Chris Hemsworth
90%
Chris Pratt
90%
Mark Ruffalo
77%
Scarlett Johansson
77%
Benedict Cumberbatch
75%
Stan Lee
71%
Elizabeth Olsen
69%
Hugh Jackman
69%
Tom Hardy
65%
Sebastian Stan
56%
Tom Hiddleston
56%
Jon Favreau
33%
Benedict Wong
27%
Aucun quiz correspondant
Distribution des résultats
% des personnes avec chaque résultat
Percentile par nombre de réponses
Votre historique - résultats
Vous n’avez pas pris ce quiz